Ονειρο στο κύμα : και άλλα διηγήματα

Αποθηκεύτηκε σε:
Λεπτομέρειες βιβλιογραφικής εγγραφής
Κύριος συγγραφέας: Παπαδιαμάντης, Αλέξανδρος, 1851-1911
Άλλοι συγγραφείς: Κοκκίνης, Σπύρος Α., 1928- (Επιμελητής έκδοσης)
Μορφή: Βιβλίο
Γλώσσα:Greek
Δημοσίευση: Αθήνα : Βιβλιοπωλείο της Εστίας, 1975.
Σειρά:Νεοελληνική λογοτεχνία (Εστία) 182
Θέματα:
Ετικέτες: Προσθήκη ετικέτας
Δεν υπάρχουν, Καταχωρήστε ετικέτα πρώτοι!

MARC

LEADER 00000cam a2200000 i 4500
001 1/38464
008 970610s1975####gr | ||| |||| ||gre||
035 |a 1997  |c ΔΩΡΕΑ  |l 10040772 
040 |a GR-MyUA  |b gre  |e AACR2 
041 0 |a gre 
082 0 |a 889.3 
100 1 |a Παπαδιαμάντης, Αλέξανδρος,   |d 1851-1911. 
245 1 0 |a Ονειρο στο κύμα :   |b και άλλα διηγήματα /   |c Αλεξ. Παπαδιαμάντη ; επιμέλεια Σπύρου Κοκκίνη.  
260 |a Αθήνα :   |b Βιβλιοπωλείο της Εστίας,   |c 1975.  
300 |a 272 σ. ;   |c 17 εκ.  
490 1 |a (Νεοελληνική λογοτεχνία   |v ; 182)  
650 0 0 |a Greek fiction. 
700 1 |a Κοκκίνης, Σπύρος Α.,   |d 1928-  |e edt 
830 0 |a Νεοελληνική λογοτεχνία (Εστία)  |v 182 
852 |a INST  |b SAMOS  |e 19970610  |h 889.3 ΠΑΠ  |p 005300009029  |q 005300009029  |t BK  |y 0 
909 |a Σ  |b 049796